<?xml version="1.0" encoding="UTF-8"?>
<collection xmlns="http://www.loc.gov/MARC21/slim">
<record>
  <controlfield tag="001">88236</controlfield>
  <controlfield tag="005">20231023123341.0</controlfield>
  <datafield tag="024" ind1="8" ind2=" ">
    <subfield code="2">sideral</subfield>
    <subfield code="a">116594</subfield>
  </datafield>
  <datafield tag="037" ind1=" " ind2=" ">
    <subfield code="a">ART-2019-116594</subfield>
  </datafield>
  <datafield tag="041" ind1=" " ind2=" ">
    <subfield code="a">spa</subfield>
  </datafield>
  <datafield tag="100" ind1=" " ind2=" ">
    <subfield code="a">Fontana Elboj, Gonzalo Ceferino</subfield>
    <subfield code="u">Universidad de Zaragoza</subfield>
    <subfield code="0">(orcid)0000-0002-0350-2968</subfield>
  </datafield>
  <datafield tag="245" ind1=" " ind2=" ">
    <subfield code="a">Eutanasia, suicidio y suicidio asistido en el Mundo Antiguo: una nota histórica para repensar la muerte anticipada</subfield>
  </datafield>
  <datafield tag="260" ind1=" " ind2=" ">
    <subfield code="c">2019</subfield>
  </datafield>
  <datafield tag="506" ind1="0" ind2=" ">
    <subfield code="a">Access copy available to the general public</subfield>
    <subfield code="f">Unrestricted</subfield>
  </datafield>
  <datafield tag="520" ind1="3" ind2=" ">
    <subfield code="a">Una indagacio´n elemental sobre el problema de la eutanasia evidencia que nuestra sociedad tiene muy bien definidos —y definidos, de he-
cho, con una nitidez digna de la mejor escola´stica— los conceptos relativos al conjunto de acciones (y omi- siones) destinadas a anticipar la muerte. Asi´, deslin- damos con precisio´n y minucia las diferencias entre suicidio asistido, eutanasia directa (activa o pasiva), in- directa, voluntaria, etc... nociones que, sin embargo, el Mundo Antiguo ni sistematizo´ ni tampoco repenso´ de forma expli´cita. Ahora bien, que una sociedad no recapacite en te´rminos filoso´ficos sobre un hecho da- do no significa que no sepa de su existencia ni, desde luego, que no lo ponga en pra´ctica. Siempre, y en todo lugar, han existido pra´cticas y realidades ampliamen- te difundidas —la prostitucio´n seri´a un buen ejemplo de ello— que, no obstante, no han sido objeto de una reflexio´n detenida. Ello se debe, posiblemente, a que, como veremos, por ma´s que se trate de hechos ple- namente instalados en la vida de las diversas comuni- dades, su existencia resulta en si´ misma inco´moda y conflictiva. De ahi´ que sea mejor no darles demasia- das vueltas.</subfield>
  </datafield>
  <datafield tag="540" ind1=" " ind2=" ">
    <subfield code="9">info:eu-repo/semantics/openAccess</subfield>
    <subfield code="a">All rights reserved</subfield>
    <subfield code="u">http://www.europeana.eu/rights/rr-f/</subfield>
  </datafield>
  <datafield tag="655" ind1=" " ind2="4">
    <subfield code="a">info:eu-repo/semantics/article</subfield>
    <subfield code="v">info:eu-repo/semantics/publishedVersion</subfield>
  </datafield>
  <datafield tag="710" ind1="2" ind2=" ">
    <subfield code="1">3000</subfield>
    <subfield code="2">355</subfield>
    <subfield code="a">Universidad de Zaragoza</subfield>
    <subfield code="b">Dpto. Ciencias de la Antigüed.</subfield>
    <subfield code="c">Área Filología Latina</subfield>
  </datafield>
  <datafield tag="773" ind1=" " ind2=" ">
    <subfield code="g">132, 3 (2019), 33-36</subfield>
    <subfield code="p">Acontecimiento (Madr.)</subfield>
    <subfield code="t">Acontecimiento</subfield>
    <subfield code="x">1698-5486</subfield>
  </datafield>
  <datafield tag="856" ind1="4" ind2=" ">
    <subfield code="s">521102</subfield>
    <subfield code="u">http://zaguan.unizar.es/record/88236/files/texto_completo.pdf</subfield>
    <subfield code="y">Versión publicada</subfield>
  </datafield>
  <datafield tag="856" ind1="4" ind2=" ">
    <subfield code="s">16603</subfield>
    <subfield code="u">http://zaguan.unizar.es/record/88236/files/texto_completo.jpg?subformat=icon</subfield>
    <subfield code="x">icon</subfield>
    <subfield code="y">Versión publicada</subfield>
  </datafield>
  <datafield tag="856" ind1="4" ind2="1">
    <subfield code="u">http://mounier.es/index.php?option=com_attachments&amp;task=download&amp;id=298</subfield>
    <subfield code="z">Texto completo de la revista</subfield>
  </datafield>
  <datafield tag="909" ind1="C" ind2="O">
    <subfield code="o">oai:zaguan.unizar.es:88236</subfield>
    <subfield code="p">articulos</subfield>
    <subfield code="p">driver</subfield>
  </datafield>
  <datafield tag="951" ind1=" " ind2=" ">
    <subfield code="a">2023-10-23-12:20:46</subfield>
  </datafield>
  <datafield tag="980" ind1=" " ind2=" ">
    <subfield code="a">ARTICLE</subfield>
  </datafield>
</record>
</collection>